Score 0/20 Timer 08:00
0 Plays Today
Column TV Show % Correct
Lassie
97.2%
I Love Lucy
93.9%
The Lone Ranger
90.8%
The Honeymooners
81.5%
Howdy Doody
77.9%
Alfred Hitchcock Presents
74.7%
The Ed Sullivan Show
67.6%
The Twilight Zone
66.8%
Perry Mason
61%
Dragnet
60.4%
Column TV Show % Correct
The Red Skelton Show
50.2%
The Adventures of Ozzie and Harriet
47.9%
The Burns and Allen Show
45.4%
The Phil Silvers Show
43.9%
The Tonight Show
36.9%
Texaco Star Theater
34.6%
Kukla, Fran and Ollie
33.2%
You Bet Your Life
29.5%
The Dinah Shore Show
27.8%
Hopalong Cassidy
16.7%
Remove Ads.
Support Sporcle.
Get the best of Sporcle when you Go Orange. This ad-free experience offers more features, more stats, and more fun while also helping to support Sporcle. Thank you for becoming a member.

You're not logged in!

Compare scores with friends on all Sporcle quizzes.
OR
Log In

Show Comments

Extras

Top Quizzes Today


Score Distribution

Your Account Isn't Verified!

In order to create a playlist on Sporcle, you need to verify the email address you used during registration. Go to your Sporcle Settings to finish the process.

Report this User

Report this user for behavior that violates our Community Guidelines.

Details: